Il timido anticristo /

Saved in:
書目詳細資料
Main Authors: Antonucci, Stefano, (1987-) (Author), Fabbri, Daniele, (1982-) (Author)
其他作者: Boscarol, Maurizio (Illustrator)
格式: 圖書
語言:意大利语
出版: Milano : Feltrinelli, 2018
叢編:Comics
標簽: 添加標簽
沒有標簽, 成為第一個標記此記錄!

MARC

LEADER 00000nam a22000007i 4500
001 IT\ICCU\LO1\1727063
003 ItRI
005 20250917160458.0
008 181120s2018 it |||||| ||||| |||||c
020 |a 9788807550119 
040 |b ita  |c Arcigay Viterbo 
041 7 |a ita  |2 ISO-639-2 
082 |a 741.5945  |2 23 
130 3 |a Il timido anticristo 
245 0 3 |a Il timido anticristo /  |c Antonucci & Fabbri ; disegni di Boscarol. 
260 |a Milano :  |b Feltrinelli,  |c 2018 
300 |a 1 volume :  |b fumetti ;  |c 24 cm 
700 1 |a Antonucci, Stefano,  |d  (1987-)  |0 IT\ICCU\BCTV\011846  |4 aut 
700 1 |a Fabbri, Daniele,  |d  (1982-)  |0 IT\ICCU\RT1V\031888  |4 aut 
700 1 |a Boscarol, Maurizio  |0 IT\ICCU\TSAV\020230  |4 ill 
830 0 |a Comics  |0 IT\ICCU\RT1\0089507 
942 |2 ddc  |c BK  |n 0 
952 |0 0  |1 0  |2 ddc  |4 0  |6 741_500000000000000_ANT_TIM  |7 0  |9 9606  |a VT  |b VT  |d 2025-09-17  |e Donazione Alfonso Antoniozzi  |i B271  |l 0  |o 741.5 ANT TIM  |p B271  |r 2025-09-17 16:10:16  |w 2025-09-17  |y BK  |z Donazione Alfonso Antoniozzi 
981 1 |6 z01  |a i   |b xxxe  
982 1 |6 z01  |a n 
999 |c 8012  |d 8012